000 00527cam a22002051 4500
001 he 66001904
003 DLC
005 20260227111442.0
008 840703s1962 is 000 0 heb
010 _ahe 66001904
035 _a(OCoLC)19141241
040 _aDLC
_cMH
_dDLC
042 _apremarc
050 0 0 _aPZ90.H3
_bS626
100 1 _aSmoly, Eliezer,
_d1901-
245 1 0 _aKisufe geʼulah :
_bsipurim.
260 _aTel Aviv :
_bʻAmiḥai,
_c[1962]
300 _a169 p. :
_bill. ;
_c22 cm.
752 _aIsrael
_dTel Aviv
999 _c32026
_d32026